000 00813cam a2200253 4500
001 ABS65698
008 020722n2002 000 0 eng u
035 _a(Sirsi) u118970
245 _aRegional survey: Essex and north-east London boroughs
260 _c2002
490 _aProperty Week
_v 67(27) 12 July 2002, 35-46(5)
590 _aABS
650 _aCHANNEL TUNNEL RAIL LINK
650 _aSTRATFORD
650 _aESSEX
650 _aNORTHEAST LONDON
650 _aLONDON BOROUGHS
650 _aPROPERTY-COMMERCIAL PROPERTY-OFFICE PROPERTY-OFFICE PROPERTY MARKET
650 _aINDUSTRIAL MARKET
650 _aPROPERTY-COMMERCIAL PROPERTY-RETAIL PROPERTY-RETAIL PROPERTY MARKET
650 _aSHOPPING CENTRES
690 _aPROPERTY-COMMERCIAL PROPERTY-COMMERCIAL PROPERTY MARKET
942 _n0
999 _c70785
_d70785